000
00310nam a22001217a 4500
999
_c
8526
_d
8526
008
200316b ||||| |||| 00| 0 eng d
100
_a
Kumar, Sanjay
245
_a
Communication Skills
250
_a
2nd
_b
2019
260
_a
New Delhi
_b
Oxford Publication
650
_a
Communication Skills
942
_2
ddc
_c
BK
_0
2